Stätdte und Dörfer in ganz Erzincan - Statistiken

Allgemein
  • Dieses Quiz wurde 21 mal gespielt
    10 seit der letzten Aktualisierung
  • Das Durchschnittsergebnis liegt bei 17 aus 75
Antwortstatistiken
Antwort % Korrekt
Mercan
100%
Tercan
100%
Üzümlü
100%
Cayirli
67%
Ergü
67%
Refahiye
67%
Yogurtlu
67%
Armutluk
33%
Bahceliköy
33%
Balli
33%
Besiktas
33%
Binkoc
33%
Büyükcakirman
33%
Cadirkaya
33%
Cadirtepe
33%
Caglayan
33%
Cevizli
33%
Ahmetli
33%
Ekmekli
33%
Elmaköy
33%
Erzincan
33%
Gürlevik
33%
Karadigin
33%
Kavakyolu
33%
Kemaliye
33%
Kilimli
33%
Kücükcakirman
33%
Mollaköy
33%
Sogukoluk
33%
Sütpinar
33%
Türkmenoglu
33%
Ulalar
33%
Uluköy
33%
Yaka
33%
Yalinca
33%
Yesilcat
33%
Yesilcay
33%
Yesilyurt
33%
Yildizli
33%
Yuva
33%
Akyazi
0%
Armagan
0%
Aydogdu
0%
Balibeyi
0%
Bugdayli
0%
Davarli
0%
Demirpinar
0%
Denizdami
0%
Agilözü
0%
Eric
0%
Esekmeydani
0%
Esertepe
0%
Göyne
0%
Günebakan
0%
Hacialipalangasi
0%
Hanidre
0%
Isikpinar
0%
Karatas
0%
Karatus
0%
Kilickaya
0%
Kocyatagi
0%
Küplü
0%
Ocak
0%
Ogulcuk
0%
Ortatepe
0%
Pinarönü
0%
Sandik
0%
Sarigöl
0%
Saztepe
0%
Tan
0%
Tatlisu
0%
Yayladimi
0%
Yeniköy
0%
Yesilyamac
0%
Yesilyayla
0%
Keine übereinstimmenden Quizze gefunden
Verteilung der Resultate
Anzahl Personen mit jedem Resultat
Perzentil nach korrekt beantworteten Fragen
Ihre Resultats-Entwicklung
Sie haben dieses Quiz seit der letzten Aktualisierung nicht gespielt